Software requirements and spetifications : a lexicon of practice, principles and prejudices /

Guardado en:
Detalles Bibliográficos
Autor principal: Jackson, Michael (Autor)
Formato: Libro
Lenguaje:inglés
Publicado: Wokingham : Addison-Wesley Publishing Company, 1995
Edición:1.vyd.
Materias:
Etiquetas: Agregar Etiqueta
Sin Etiquetas, Sea el primero en etiquetar este registro!

MARC

LEADER 00000nam a22000003a 4500
001 stu9249
005 20200922111925.2
008 961118s1995----uk------------------eng-d
020 |a 0-201-87712-0 
040 |a STU  |b slo 
041 0 |a eng 
044 |a uk 
080 |a 681.32.06 
080 |a 519.68(035) 
084 |a C6110  |2 INS 
084 |a C0310F  |2 INS 
100 1 |a Jackson, Michael  |4 aut 
245 1 |a Software requirements and spetifications :  |b a lexicon of practice, principles and prejudices /  |c [aut.] Jackson,Michael 
250 |a 1.vyd. 
260 |a Wokingham :  |b Addison-Wesley Publishing Company,  |c 1995 
300 |a 228 s 
650 7 |a programovanie  |2 stusub 
650 7 |a programovacie metódy  |2 stusub 
650 7 |a softvérové inžinierstvo  |2 stusub 
996 |b 284IZ00565  |c I*20S5050  |l II680  |s A  |a 24  |w stu9249_0001